WHL Arenas - Statistics

General Stats
  • This quiz has been taken 536 times
  • The average score is 11 of 22
Answer Stats
Team Arena % Correct
Edmonton Oil Kings Rogers Place
83%
Calgary Hitmen Scotiabank Saddledome
83%
Saskatoon Blades SaskTel Centre
65%
Everett Silvertips Angel of the Winds Arena
63%
Prince Albert Raiders Art Hauser Centre
63%
Prince George Cougars CN Centre
63%
Lethbridge Hurricanes ENMAX Centre
63%
Kelowna Rockets Prospera Place
63%
Kamloops Blazers Sandman Centre
60%
Brandon Wheat Kings Keystone Centre
52%
Red Deer Rebels ENMAX Centrium
50%
Moose Jaw Warriors Mosaic Place
50%
Regina Pats Brandt Centre
46%
Medicine Hat TIgers Canalta Centre
46%
Portland Winterhawks Moda Center
46%
Kootenay Ice Western Financial Place
44%
Vancouver Giants Langley Events Centre
40%
Seattle Thunderbirds ShoWare Center
35%
Spokane Chiefs Spokane Veterans Memorial Arena
31%
Victoria Royals Save-On-Foods Memorial Centre
25%
Tri-City Americans Toyota Center
21%
Swift Current Broncos Credit Union iPlex
13%
No matching quizzes found
Score Distribution
Percent of People with Each Score
Percentile by Number Answered
Your Score History
You have not taken this quiz